Ethnicity, Pluralism and the State in the Middle East (Record no. 9771)

MARC details
000 -LEADER
fixed length control field 00645nam a2200241 a 4500
020 ## - INTERNATIONAL STANDARD BOOK NUMBER
ISBN 0801424
082 00 - DEWEY DECIMAL CLASSIFICATION NUMBER
Classification number 305.800956
Author Cutter ESM
100 ## - MAIN ENTRY--AUTHOR NAME
Author name Esman, Milton J
245 ## - TITLE STATEMENT
Title Ethnicity, Pluralism and the State in the Middle East
260 ## - PUBLICATION, DISTRIBUTION, ETC. (IMPRINT)
Place of publication Ithaca
Name of publisher Cornell University
Year of publication 1988
300 ## - PHYSICAL DESCRIPTION
Number of Pages 296p
500 ## - GENERAL NOTE
General note includes index and biblioraphy
505 2# - FORMATTED CONTENTS NOTE
Formatted contents note 40 Plates
650 ## - SUBJECT ADDED ENTRY--TOPICAL TERM
Topical Term Minorities-Middle East
650 ## - SUBJECT ADDED ENTRY--TOPICAL TERM
Topical Term Middle East-Ethnic Relations
942 ## - ADDED ENTRY ELEMENTS (KOHA)
Koha item type Books
Holdings
Collection code Home library Current library Date acquired Cost, normal purchase price Full call number Accession Number Koha item type
  Henry Martyn Institute Library Henry Martyn Institute Library 03/29/2007 830.55 305.800956 ESM 017636 Books
                   Copyright © 2026 | Henry Martyn Institute | Hyderabad | TS-500052 | INDIA | Implemented by hmi.edu.in
Hit-Count:

Powered by Koha